00536naa a2200169 a 450000100080000000500110000800800410001910000220006024500640008226000090014665300280015565300290018365300200021265300240023270000240025677300860028010738572010-12-07 2010 bl uuuu u00u1 u #d1 aGON??ALVES, J. R. aDesafios para as exporta????es brasileiras de carne bovina. c2010 aCarne bovina-produ????o aExporta????es-desempenho aPanorama futuro aPrincipais mercados1 aLUZ NETO, N. K. da. tInforma????es Econ??micas, S??o Paulo, SPgv. 40, n. 10, p. 17-23, outubro, 2010.